Statistics for Countries Bordering Mozambique (With an Empty Map)

Click here to take the quiz!

General Stats

  • This quiz has been taken 188 times
  • The average score is 6 of 6

Answer Stats

Countries % Correct
Zambia
99%
Zimbabwe
99%
South Africa
98%
Tanzania
97%
Swaziland
94%
Malawi
94%

Score Distribution

Percentile by Number Answered

Percent of People with Each Score

Your Score History

You have not taken this quiz